000 01217nam a2200325 i 4500
003 EG-GICUC
005 20260418144831.0
008 260418b1980 au ||||fr|||| 00| 0 ara d
017 _a79 / 4786
040 _a EG-GICUC
_bara
_c EG-GICUC
_d EG-GICUC
_erda
041 0 _aara
082 0 4 _221
_a345.25
_bس م . ش
092 0 4 _221
099 _aLaw1 07 345.25 س م . ش -1ed 1980
100 0 _aسليمان محمد الطماوي
_eAuthor.
245 0 0 _aشرح نظام الحكم المحلي الجديد :
_bالقانون رقم 43 لسنة 1979 ولئحته التنفيذية /
_cسليمان محمد الطماوي .
250 _aالطبعة الأولى
264 1 _aمصر:
_bدار الفكر العربي،
_c1980
264 1 _aمصر:
_bدار الثقافة العربية للطباعة،
_c1980
300 _a280 ؛ صفحة
_c24 سم
336 _2rda content
_atext
337 _2rda media
_aComputer
338 _2rda carrier
_aOnline Resource
546 _aالنص باللغة العربية
650 1 4 _aالحكم المحلي
_2qrmak
651 1 _2qrmak
856 4 0 _uhttps://fll.law.cu.edu.eg/fulltext/bks/لآ07-00867.pdf
905 _a165
942 _2ddc
_cBK
_e21
_n0
999 _c71658
_d71658